000 00584nam a2200253Ia 4500
005 20260121153859.0
008 008 260114s9999 xx 000 0 eng d
020 _a9781315003191
037 _aEBOOK
040 _aCRL
040 _beng
040 _cCRL
041 _2eng
041 _aeng
084 _qCRL
100 _aStephen Small
_91000284
245 0 _aRacialised Barriers
260 _bTaylor and Francis
260 _c1994
856 _uhttp://www.taylorfrancis.com/books/9781315003191
942 _cEBOOK
999 _c1567105
_d1567105